Una salida evasiva para elvitar un nuevo fracaso /

Gespeichert in:
Bibliographische Detailangaben
1. Verfasser: Moreno, Raúl
Format: Text
Schlagworte:
Tags: Tag hinzufügen
Keine Tags, Fügen Sie den ersten Tag hinzu!

MARC

LEADER 00000 a a2200000 04500
001 11792
003
040
100 |a Moreno, Raúl  
245 |a Una salida evasiva para elvitar un nuevo fracaso /  |c Raúl Moreno 
650 |a ALCA  
650 |a NEGOCIACIONES COMERCIALES  
650 |a POLITICA DE COMERCIO EXTERIOR  
650 |a PROTECCIONISMO  
773 |g número 110; páginas 26-28  
999 |c 27528  |d 27528